Statistics for ultimate chicken horse

Click here to take the quiz!

General Stats

  • This quiz has been taken 24 times
  • The average score is 5 of 5

Answer Stats

QuestionAnswer% Correct
what characters are in the title of the gamehorse
100%
1chicken
92%
snake can have a carfalse
92%
sehpe what is this unscrambledsheep
88%
racoon has a red panda costumetrue
88%

Score Distribution

Percentile by Number Answered

Percent of People with Each Score

Your Score History

You have not taken this quiz